Statistiques concernant Discographie de Bob Marley (1972-1981)

Cliquez ici pour prendre le quiz!

Statistiques générales

  • Ce quiz a été pris 68 fois
  • Le résultat moyen est 24 sur 89

Statistiques - réponses

Réponse% Correct
One Love
89%
Exodus
75%
Is This Love
75%
No Woman No Cry
75%
Jamming
68%
Could You Be Loved
64%
Redemption Song
59%
Kaya
57%
Three Little Birds
57%
Get Up, Stand Up
52%
Stir it Up
50%
Natural Mystic
48%
Survival
48%
War
48%
Natty Dread
43%
Zimbabwe
41%
I Shot the Sheriff
39%
Burnin' and Lootin'
36%
Positive Vibration
36%
Sun Is Shining
36%
Africa Unite
34%
Concrete Jungle
34%
Waiting In Vain
34%
Bad Card
30%
Forever Loving Jah
30%
Babylon System
27%
No More Trouble
27%
Rat Race
27%
Roots, Rock, Reggae
27%
She's Gone
27%
So Much Trouble in The World
27%
Work
27%
400 Years
25%
Easy Skanking
25%
Jah Live
25%
One Drop
25%
Pimper's Paradise
25%
Satisfy my Soul
25%
Turn Your Lights Down Low
25%
Coming In From The Cold
23%
Crisis
23%
Duppy Conqueror
23%
Johnny Was
23%
Kinky Reggae
23%
Lively Up Yourself
23%
Ride Natty Ride
23%
Slave Driver
23%
Smile Jamaica
23%
Time Will Tell
23%
Ambush In The Night
20%
Misty Morning
20%
So Much Things To Say
20%
Stop That Train
20%
Them Belly Full
20%
Baby We've Got a Date
18%
Rastaman Chant
18%
Real Situation
18%
Talkin' Blues
18%
The Heathen
18%
Top Rankin'
18%
Zion Train
18%
Crazy Baldhead
16%
Guiltiness
16%
High Tide or Low Tide
16%
Put It On
16%
Running Away
16%
Small Axe
16%
We And Dem
16%
Midnight Ravers
14%
Night Shift
14%
Revolution
14%
So Jah Seh
14%
Wake Up And Live
14%
Bend Down Low
11%
Rebel Music
11%
Who The Cap Fit
11%
All Day All Night
9%
Cry To Me
9%
No Sympathy
9%
Pass It On
9%
Redemption Song (Band Version)
9%
The Oppressed Song
9%
Am-A-Do
7%
Hallelujah Time
7%
Reincarnated Soul
7%
Want More
7%
Could You Be Loved (12" Version)
5%
One Foundation
5%
Ride Natty Ride (12" Mix)
5%

Distribution des résultats

Percentile par nombre de réponses

% des personnes avec chaque résultat

Votre développement - résultats

Vous n’avez pas pris ce quiz